Statystyki dla Trenerzy Juventusu w XXI w.

Kliknij tutaj aby rozwiązać quiz!

Ogólne statystyki

  • Ten quiz został rozwiązany 62 razy
  • Średni wynik to 5 z 12

Statystyki odpowiedzi

latatrener% Poprawnych
2014-2019Massimiliano Allegri
90%
2019Maurizio Sarri
90%
2011-2014Antonio Conte
84%
1999-2001Carlo Ancelotti
53%
2004-2006Fabio Capello
50%
2001-2004Marcello Lippi
47%
2007-2009Claudio Ranieri
34%
2006-2007Didier Deschamps
28%
2010-2011Luigi Del Neri
21%
2009-2010Ciro Ferrara
17%
2010Alberto Zaccheroni
12%
2007Giancarlo Corradini
3%

Rozkład punktacji

Percentyl według liczby udzielonych odpowiedzi

Procent ludzi z każdym wynikiem

Twoja historia wyników

Nie rozwiązałeś tego quizu